Central Library, Doon University
WEBOPAC (ONLINE PUBLIC ACCESS CATALOGUE)

Pattern Recognition And Machine Learning (Record no. 60780)

MARC details
000 -LEADER
fixed length control field 00482nam a22001817a 4500
005 - DATE & TIME
control field 20260513122648.0
008 - FIXED-LENGTH DATA ELEMENTS--GENERAL INFORMATION
fixed length control field 260513b |||||||| |||| 00| 0 eng d
020 ## - ISBN
International Standard Book Number 9781493938438
Price 7936.94
040 ## - CATALOGING SOURCE
Original cataloging agency Doon University
041 ## - Language
Language English
082 ## - DDC NUMBER
Classification number 006.4
Book Number BIS
100 ## - MAIN ENTRY--PERSONAL NAME
Personal name Bishop, Christopher M.
245 ## - TITLE STATEMENT
Title Pattern Recognition And Machine Learning
260 ## - PUBLICATION, DISTRIBUTION, ETC. (IMPRINT)
Place of publication, distribution, etc New York
Name of publisher, distributor, etc Springer
Date of publication, distribution, etc 2009
300 ## - PHYSICAL DESCRIPTION
Pages 738
650 ## - Subject
Subject Computer Science (PM USHA)
942 ## - ADDED ENTRY ELEMENTS (KOHA)
Koha item type Books
100 ## - MAIN ENTRY--PERSONAL NAME
-- 22497
650 ## - Subject
-- 26808
952 ## - LOCATION AND ITEM INFORMATION (KOHA)
-- 2026-05-13
952 ## - LOCATION AND ITEM INFORMATION (KOHA)
-- 2026-05-13
952 ## - LOCATION AND ITEM INFORMATION (KOHA)
-- 2026-05-13
Holdings
Withdrawn status Lost status Source of classification or shelving scheme Damaged status Not for loan Location (home branch) Sublocation or collection (holding branch) Date acquired Koha full call number Accession No. Koha date last seen Koha item type Koha issues (times borrowed)
        Not For Loan Doon University Doon University 13.05.2026 006.4 BIS 33025 13.05.2026 Reference  
          Doon University Doon University 13.05.2026 006.4 BIS 33026 13.05.2026 Books  
          Doon University Doon University 13.05.2026 006.4 BIS 33027 13.05.2026 Books  
Contact : +91-135-2533126 (Library),+91-135-2533105 (Admin Office) , Email : doonlibrary@gmail.com

Powered by Koha